000 00618cam a2200229 4500
008 090401t1969 xxu||||| |||| 00| 0 eng d
020 _a0851251137
035 _a(Sirsi) u4325
041 _aeng
050 _a690
110 _aBuilding Research Establishment
245 _aZinc-coated reinforcement for concrete
260 _aGarston, Watford
_bBuilding Research Establishment
_c1969
300 _a8p. : ill. ; 30cm.
350 _a0
490 _aBRE Digest
_v109
520 _a1985 reprint.
650 _aCONCRETE
690 _aBUILT ENVIRONMENT-BUILDING MATERIALS
942 _n0
948 _c04/03/1997
999 _c86015
_d86015